000 00663nam a2200277Ia 4500
005 20260324113743.0
008 008 260324s9999 xx 000 0 eng d
020 _a9780429203367
037 _aEBOOK
040 _aCRL
040 _beng
040 _cCRL
041 _2eng
041 _aeng
084 _qCRL
100 _aPeixuan Guo; Aibing Wang
_91148042
245 0 _aBiomotors and their Nanobiotechnology Applications
260 _bTaylor and Francis
260 _c2023
365 _a
365 _b435
856 _uhttp://www.taylorfrancis.com/books/9780429203367
942 _cEBOOK
999 _c1737856
_d1737856